000 00922nam a22002537a 4500
999 _c5930
_d5930
003 AR-CdUCM
008 190313b ||||| |||| 00| 0 spa d
040 _aMUNICIPALIDAD PROVINCIAL DEL CUSCO
_cBIBLIOTECA MUNICIPAL DEL CUSCO
041 _hger
082 _a129.31 /
_bD76
100 _aDilthey, Wilhelm
_911114
245 _aLiteratura y fantasía /
260 _aMéxico, D.F :
_bFondo de Cultura Económica,
_c1963.
300 _a297 páginas ;
_c24 cm.
440 _aObras de Dilthey.
_n9
_917436
505 _aContenido: La gran poesía de la fantasía -- La época del gran arte -- Shakespeare y sus contemporáneos -- Renacimiento y reforma -- La fantasía dramática de Shakespeare ...
650 _aLiteratura
_983
650 _aFilosofía
_9395
650 _aShakespeare
_911110
700 _aUranga, Emilio
_917437
700 _aGerhard, Carlos (versión)
_917438
942 _2ddc
_cLIBROS
945 _aachl